00473nam a2200193 a 4500001001300000003000900013005001700022008004100039020000900080082001300089100002100102245002300123260003500146300000800181500003500189505001700224650001700241700002100258nice12345678IN_TiNIC20260116012520.0050524s1978 lona grp 000 0 eng  ac2500a201bKIR aKirby, Gilbert W aToo Hot to Handle. aLondonbMarshal Brothersc1978 a149 aincludes index and biblioraphy2 aBibliography aChristianity1 aKirby, Gilbert W